000 00762nam a2200229Ia 4500
003 GCL
008 140319s9999 xx 000 0 ara d
040 _aGCL /
_cGCL
082 0 4 _a646.36
_bش ت
100 1 _aشعبان عبدالفتاح
245 1 0 _aتفصيل ملابس الاطفال /
_cشعبان عبدالفتاح
250 _aالاولى
260 _aالاردن :
_bدار صفاء للنشر والتوزيع ،
_c2003
300 _a207 ص ؛
_c24 سم
650 0 4 _aالحياكة
650 0 4 _aتفصيل الملابس
650 0 4 _aتصميم الازياء
650 0 4 _aتفصيل الملابس - تصميم النماذج
650 0 4 _aالاطفال - ملابس
650 0 4 _aالملابس - صناعة
942 _2ddc
_cBK
999 _c8462
_d8462